| 000 | 00519nam a2200157Ia 4500 | ||
|---|---|---|---|
| 008 | 100122s9999 xx 000 0 und d | ||
| 082 |
_b35548 _a294.5 |
||
| 100 | _aPRABHU ASHRITSWAMIJI | ||
| 245 | _aGAYATRI RAHASYA र्र्व्.र्उऎ.र्कऎ.998/3 | ||
| 250 | _a0 | ||
| 260 |
_bI.D.CHOWDHRY _c1905 |
||
| 300 | _a248 | ||
| 630 | _aGAYATRI RAHASYA र्र्व्.र्उऎ.र्कऎ.998/3 | ||
| 730 | _aGAYATRI RAHASYA र्र्व्.र्उऎ.र्कऎ.998/3 | ||
| 942 | _cBOOK | ||
| 999 |
_c371221 _d371218 |
||